000 00926nam a2200265Ia 4500
001 Para_6281
003 CHAP
008 220125s1987 xx 000 0 und d
010 _a205024
040 _cCHAP
090 _aPA FOLLETO 378
100 _aBurger, John F.
_916145
245 _aReview of tabanus species (Diptera :
_b tabanidae) with pilose and patterned eyes in Mexico and Western North America and descriptions of two new species from Mexico /
_c bu John F. Burger, Ema M. Bermúdez and Luis V. Bermúdez
500 _aSobretiro de: Annals of the Entomological Society of America 80 (1): 89-99, 1987
650 _aTábano
_9113484
700 _aBermúdez Luis V.
_911863
700 _aBermúdez, Ema M.
_9170960
901 _aPA FOLLETO 378
902 _aA
905 _a0000001987 0000000000 00
910 _a1987
942 _cPARA
942 _cPARA
_d1
999 _c205024
_d205024